| 000 | 00000nam##2200000za#4500 |
| 001 | 9.695390 |
| 003 | CaOODSP |
| 005 | 20210624234544 |
| 007 | cr ||||||||||| |
| 008 | 150407|1996||||xxc|||||o f|0| 0 eng|d |
| 040 | |aCaOODSP|beng |
| 043 | |an-cn--- |
| 086 | 1 |aH46-2/96-194E-PDF |
| 110 | 1 |aCanada.|bHealth Canada. |bEnvironmental Health Directorate. |
| 245 | 10|aHealth-based tolerable daily intakes/concentrations and tumorigenic doses/concentrations for priority substances / |h[electronic resource]|c[by M.E. Meek and G. Long]. |
| 260 | |aOttawa - Ontario : |bHealth Canada. |cc1996. |
| 300 | |a22p.|btables |
| 500 | |aContents: Introduction.--Explanation of terms.--Summary of values.--Priority substances under review or scheduled for review. |
| 500 | |aThe catalogue number (H46-2/96-194E) and ISBN (0-662-24858-9) for the print edition have been incorrectly copied in this electronic publication. |
| 590 | |a12-12-Supp|b2012-03-28 |
| 690 | 07|aHealth impact|2gcpds |
| 690 | 07|aToxic substances|2gcpds |
| 720 | 1 |aMeek, M. E. |
| 720 | 1 |aLong, G. |
| 775 | 08|tConcentrations/doses journalières admissibles et concentrations/doses tumorigènes des substances d'intérêt prioritaire calculées en fonction de critères sanitaires / |w(CaOODSP)9.639529 |
| 776 | 0#|tHealth-based tolerable daily intakes/concentrations and tumorigenic doses/concentrations for priority substances / |w(CaOODSP)9.646274 |
| 856 | 40|ahttp://publications.gc.ca|qPDF|s86 KB|uhttps://publications.gc.ca/collections/Collection/H46-2-96-194E.pdf |
| 986 | |a96-EHD-194 |